[Event "Euskadi-Argentina m"]
[Site "San Sebastian"]
[Date "2011.01.05"]
[Round "1.2"]
[White "Del Rey, Diego"]
[Black "Alonso Arburu, Juan Ignacio"]
[Result "0-1"]
[WhiteElo "2374"]
[BlackElo "2367"]
[PlyCount "88"]
[EventDate "2011.01.05"]
[EventType "team-match"]
[EventRounds "1"]
[EventCountry "ESP"]
[SourceTitle "EXT 2024"]
[Source "ChessBase"]
[SourceDate "2023.10.10"]
[SourceVersion "1"]
[SourceVersionDate "2023.10.10"]
[SourceQuality "1"]
[WhiteTeam "Argentina"]
[BlackTeam "Euskadi"]
[WhiteTeamCountry "ARG"]
[BlackTeamCountry "BAS"]

1. d4 Nf6 2. Nf3 e6 3. c4 Ne4 4. Qc2 d5 5. g3 c6 6. Bg2 Bd6 7. 0-0 0-0 8. Ne1 f5 9. Nd3 Bd7 10. Bf4 Be8 11. Nd2 Bxf4 12. Nxf4 Qe7 13. Nf3 Nd7 14. Nd3 Bh5 15. Nfe5 Nxe5 16. Nxe5 Kh8 17. c5 Rac8 18. Rae1 g5 19. Bxe4 dxe4 20. f3 exf3 21. exf3 Rcd8 22. Qc3 Rd5 23. Nc4 Qf6 24. Rd1 f4 25. g4 Bg6 26. Nd6 b6 27. Ne4 Bxe4 28. fxe4 Rd7 29. Rd3 b5 30. Rfd1 Rfd8 31. Kg2 Kg8 32. a4 a6 33. axb5 axb5 34. Qb3 Kf8 35. Qb4 h5 36. h3 hxg4 37. hxg4 Rh7 38. d5 Qh6 39. Rg1 exd5 40. exd5 Rxd5 41. Qe4 Qh2+ 42. Kf1 Re7 43. Qf3 Rxc5 44. Qd1 Rc1 0-1